000 00830nam a2200313Ia 4500
001 UByD000920
003 AR-LpoUNG
005 20220902113739.0
008 220901s1996||||sp |||||||||||||| ||spa||
020 _a9508612592
040 _aAR-LpoUNG
_bspa
_cAR-LpoUNG
_eaacr
041 0 _aspa
082 0 _a982.064 416hon
100 1 _aSeisdedos, Gabriel
245 1 3 _aEl honor de dios :
_bmártires palotinos : la historia silenciada de un crimen impune
250 _a1ra. ed.
260 _aBuenos Aires :
_bSan Pablo,
_c1996.
300 _a254 p.
650 4 _aHISTORIA
650 4 _aARGENTINA
650 4 _aRELACION IGLESIA-ESTADO
650 4 _aHISTORIA POLITICA
650 4 _aHISTORIA RELIGIOSA
650 4 _aRELIGION
650 4 _aDICTADURA
650 4 _aBIOGRAFIAS
905 _aCJPM257
942 _cLIB
_2ddc
999 _c61953
_d61953